| 000 | 00879cam a2200277 a 4500 | ||
|---|---|---|---|
| 001 | 3027463 | ||
| 003 | Nust | ||
| 005 | 20220829145422.0 | ||
| 008 | 941107s1994 nyu 000 0deng | ||
| 010 | _a 94227277 | ||
| 020 |
_a9781840220612 _cRs. 596 |
||
| 038 | _aArshad | ||
| 040 |
_aDLC _cDLC |
||
| 050 | 0 | 0 |
_aPR6005.O4 _bA6 1994c |
| 082 | 0 | 0 |
_a823 _bCON |
| 100 | 1 |
_aConrad, Joseph, _d1857-1924. _912078 |
|
| 240 | 1 | 0 |
_aWorks. _kSelections. _f1994 |
| 245 | 1 | 0 |
_aSelected works of Joseph Conrad / _cedited by Steven J. Kasdin. |
| 260 |
_aNew York : _bBarnes & Noble Books, _c2005. |
||
| 300 |
_a1371 p. ; _c25 cm. |
||
| 650 |
_aConrad, Joseph, 1857-1924 _vFiction _912134 |
||
| 700 | 1 |
_aKasdin, Steven J. _912135 |
|
| 906 |
_a7 _bcbc _corignew _d2 _encip _f19 _gy-gencatlg |
||
| 942 |
_2ddc _cBK |
||
| 999 |
_c328473 _d328473 |
||